1298 1703 1317 1765 1703 1606 1721 1711 1071 1265 1794 1224 1077 1353 1761 1185 1024 1397 1626 1960 1183 1986 1990 1279 1056 1106 1012 1469 1188 1318 1589 1006 1391 1955 1565 1346 1480 1653 1027 1530 1478 1935 1967 1580 1224 1103 1402 1426 1514 1811 1295 1829 1488 1244 1414 1599 1411 1383 1937 1533 1862 1974 1747 1057 1780 1341 1024 1850 1651 1027 1870 1958 1160 1659 1304 1257 1829 1430 1629 1837 1355 1484 1347 1892 1428 1063 1546 1578 1362 1803 1428 1832 1289 1833 1749 1328 1848 1482 1145 BCNSPRNW ULIB Ver.6.0+V

เปลี่ยนเป็นภาษาไทย

Change to English
 แสดงรายละเอียดบรรณานุกรม
  กลับหน้าหลัก

Brief Record : Get Marc (ISO 2709) : E-mail record : QR code < ปิดหน้าต่าง
LEADER : 00000nam 2200000uu 4500
001    13399124934
003     ULIB
008    020711s2548 th a 000 0 tha d
020    9789749906200
099    นว.ม111ส
100    คึกฤทธิ์ ปราโมช
245    สี่แผ่นดิน
260     ^bนานมีบุคส์,^c2548
945    ^p695^l0^i023619
รายการนี้ยังไม่มีแท็ก
คุณยังไม่ได้ล็อกอิน คุณสามารถมีกิจกรรมร่วมกับเว็บไซต์ได้ แต่ต้องล็อกอินก่อน ::
  ล็อกอิน

รายการสื่อสารสนเทศ

ลำดับที่ ประเภท เลขเรียก/บาร์โค้ด สถานที่ สถานะ
1. นวนิยาย
นวนิยาย
นว.ม111ส ฉ.1 
  Barcode: 023619
ห้องสมุดวิทยาเขตสวรรค์ประชารักษ์
►นวนิยาย
ถูกยืม กำหนดส่งวันที่ 6 มีนาคม 2567
  จอง

รายการใกล้เคียง
    ชื่อเรื่อง [สี่แผ่นดิน]

BibComment


ยังไม่เคยถูกคอมเมนท์

คอมเมนท์ทรัพยากรรายการนี้
  คอมเมนท์: สี่แผ่นดิน


 Copyright 2026. Bcnsprnw @Library